| 000 | 00000nam 2200000zi 4500 |
| 001 | 9.929339 |
| 003 | CaOODSP |
| 005 | 20231208135605 |
| 006 | m o d f |
| 007 | cr mn||||||||| |
| 008 | 231023t20232023qucbd ob f000 0 eng d |
| 020 | |a9780660684352 |
| 040 | |aCaOODSP|beng|erda|cCaOODSP |
| 043 | |an-cn-bc |
| 086 | 1 |aCW66-1369/2022E-PDF |
| 245 | 00|aImminent threat assessment for spotted owl caurina subspecies (Strix occidentalis caurina), 2022. |
| 264 | 1|aGatineau, Quebec : |bEnvironment and Climate Change Canada = Environnement et changement climatique Canada, |c[2023] |
| 264 | 4|c©2023 |
| 300 | |a1 online resource (iii, 52 pages) : |bmaps, charts |
| 336 | |atext|btxt|2rdacontent |
| 337 | |acomputer|bc|2rdamedia |
| 338 | |aonline resource|bcr|2rdacarrier |
| 500 | |aIssued also in French under title: Évaluation des menaces imminentes pour la chouette tachetée de la sous-espèce caurina (Strix occidentalis caurina), 2022. |
| 500 | |a"EC23208." |
| 504 | |aIncludes bibliographical references (pages 36-42). |
| 650 | 0|aSpotted owl|xConservation|zBritish Columbia. |
| 650 | 0|aEndangered species|zBritish Columbia. |
| 710 | 1 |aCanada. |bEnvironment and Climate Change Canada, |eissuing body. |
| 775 | 08|tÉvaluation des menaces imminentes pour la chouette tachetée de la sous-espèce caurina (Strix occidentalis caurina), 2022.|w(CaOODSP)9.929340 |
| 795 | |tImminent threat assessment for spotted owl caurina subspecies (Strix occidentalis caurina), 2020 : |w(CaOODSP)9.929336 |
| 856 | 40|qPDF|s1.91 MB|uhttps://publications.gc.ca/collections/collection_2023/eccc/cw66/CW66-1369-2022-eng.pdf |